000 00408nmm a2200157Ia 4500
008 251105s9999||||xx |||||||||||||||||und||
041 _aspa
100 _aBetts, Heidi
245 0 _aSituación desesperada
264 _a[Madrid, España] :
_bHarlequin,
_c2012
300 _a160 páginas
490 _aDeseo
650 _aRomance
856 _uhttps://public.digitaliapublishing.com/a/50216
942 _cCF
999 _c99003
_d99003